000 01157nam a22003377a 4500
003 CHAP
005 20220329141659.0
008 971013s1985 r 00010 d
010 _a72108
011 _a73080
035 _a82637
040 _cCHAP
090 _aTesis
100 0 0 _aAguirre Bravo, Ariadna.
_92963
245 _aReconocimiento de las principales plagas que dañan al género Pinus en el estado de Durango
260 _aChapingo, Méx. :
_bEl autor,
_c1985
300 _a149 h.
502 _aTesis (Ing. Agr. Esp. en Parasitología Agrícola) -- UACH. Departamento de Parasitología Agrícola
590 _aALEPH
_b10
_c20130110
_lUCH01
_h1413
590 _aBATCH-UPD
_b10
_c20130109
_lUCH01
_h2326
590 _aBATCH-UPD
_b10
_c20130110
_lUCH01
_h0538
590 _aBATCH-UPD
_b10
_c20130409
_lUCH01
_h1850
590 _aBATCH-UPD
_b10
_c20130410
_lUCH01
_h0218
590 _aBATCH-UPD
_b10
_c20130913
_lUCH01
_h2316
590 _aCONVERSION
_b10
_c20130109
_lUCH01
_h1339
650 1 4 _aPináceas
_xPlagas.
_988257
650 1 4 _aPináceas
_zDurango.
_988273
901 _aBK
942 _cTESIS
949 _bBC
_cTES
_d-36797
_eTS1
_h20721
_i82637
_si
999 _c72108
_d72108